| 000 | 00916nam a2200289 i 4500 | ||
|---|---|---|---|
| 001 | 000022039 | ||
| 003 | DO-SdBNP | ||
| 005 | 20250204083504.0 | ||
| 007 | ta | ||
| 008 | 100916s1976 dr r 000 0 spa d | ||
| 040 |
_aDO-SdBNP _bspa _cBNPHU _erda |
||
| 041 | _hspa | ||
| 082 | 4 |
_a92O.72 _bM671F _222 |
|
| 100 | 1 |
_aFerreras, Ramón Alberto, _911298 _eautor |
|
| 245 | 1 | 4 |
_aLas Mirabal : _bmedia isla III / _cRamón Alberto Ferreras. |
| 264 |
_aSanto Domingo : _bCosmos, _c1976. |
||
| 300 |
_a480 páginas ; _c19 cm. |
||
| 336 |
_2rdacontent _atexto _btxt |
||
| 337 |
_2rdamedia _asin mediación _bn |
||
| 338 |
_2rdacarrier _avolumen _bnc |
||
| 590 | _aInventariado, 2023/BT | ||
| 600 | 1 | 4 |
_aMirabal Reyes, Minerva, _d1926-1960 _945419 |
| 600 | 1 | 0 |
_aMirabal, Maria Teresa, _d1935-1960 _945421 |
| 600 | 1 | 0 |
_aMirabal, Patria, _d1924-1960 _945420 |
| 910 | _aValidado. Control de calidad. MMOLINA | ||
| 942 |
_2ddc _cLBS1 |
||
| 999 |
_c21537 _d21537 |
||